Cómo viven las plantas /

Este breve volumen describe lo que es una planta verde terrestre y cómo este ser vivo realiza las funciones que le son indispensables para subsistir. El autor ofrece también una historia sumaria de la evolución de las plantas desde su aparición en el planeta.

Detalles Bibliográficos
Autor principal: Vázquez Yanes, Carlos
Formato: Libro
Lenguaje:español
Publicado: México Fondo de Cultura Económica 2008
Colección:La ciencia para todos 48
Materias:
Acceso en línea:

MARC

LEADER 00000cam a2200000 a 4500
001 017995
003 UAHC_CL
005 20170803121554.0
008 120921s2008 mx 000 spa
020 |a 9789681685584 
040 |a UAHC_CL  |c UAHC_CL  |d UAHC_CL 
082 0 4 |a 581.5  |b V393  |2 20 
100 1 |a Vázquez Yanes, Carlos 
245 1 0 |a Cómo viven las plantas /  |c Carlos Vásquez Yanes. 
260 |b Fondo de Cultura Económica  |a México  |c 2008 
300 |a 108 p. 
490 0 |a La ciencia para todos  |v 48 
520 |a Este breve volumen describe lo que es una planta verde terrestre y cómo este ser vivo realiza las funciones que le son indispensables para subsistir. El autor ofrece también una historia sumaria de la evolución de las plantas desde su aparición en el planeta. 
650 4 |a ECOLOGIA VEGETAL 
650 4 |a CRECIMIENTO (PLANTAS) 
653 |a INGENIERIA DE EJECUCION EN GESTION AMBIENTAL 
900 |a 581.5 VAS 
942 |c BK 
952 |0 0  |1 0  |4 0  |6 581_500000000000000_VAS  |7 0  |8 General  |9 36005  |a BC  |b BC  |c General  |d 2017-08-03  |l 0  |o 581.5 VAS  |p 1401367  |r 2026-01-13 00:00:00  |t 1  |w 2017-08-03  |y BK 
952 |0 0  |1 0  |4 0  |6 581_500000000000000_VAS  |7 0  |8 General  |9 36006  |a BC  |b BC  |c General  |d 2017-08-03  |l 0  |o 581.5 VAS  |p 1401368  |r 2026-01-13 00:00:00  |t 2  |w 2017-08-03  |y BK 
999 |c 17995  |d 17995